Modernizácia účtovných smerníc vydanie konzultačného dokumentu o dosahu aplikácie IAS

Uložené v:
Podrobná bibliografia
Hlavný autor: Tumpach, Miloš, 1970-
Médium: Kapitola
Jazyk:Slovak
Tagy: Pridať tag
Žiadne tagy, Buďte prvý, kto otaguje tento záznam!

MARC

LEADER 00000naa$a2200000$$$4500
001 0066818
005 20240502071809.4
041 0 |a slo 
044 |a SK 
245 1 0 |a Modernizácia účtovných smerníc  |b vydanie konzultačného dokumentu o dosahu aplikácie IAS  |c Miloš Tumpach 
100 1 |a Tumpach, Miloš, 1970-